00633nam a2200181Ia 4500008004100000020001800041041000800059082001500067100001000082245004800092260001600140300000800156365001600164700001000180906005600190999001900246952018600265230718s9999 xx 000 0 und d a9788126559008 aeng a372.4bWIL aWiley aReasoning Ability And Quantitative Aptitude c2016bWiley a444 cRs.b499.00 aWiley dO:0530721-Sep-2016B:IN106509-Sep-2016cGENRLb698.6 c343241d343241 00104070aCCEPbCCEPd2016-09-21ePradeep Book DistributorsfGENRLg359.28iIN1065l6o372.4pCCEP-BK-54448r2025-12-18 15:40:31s2025-11-12t698.6v499.00w2016-09-09yBKz054448